000 00550nam a2200229Ia 4500
003 GCL
008 140319s9999 xx 000 0 eng d
040 _aGCL /
_cGCL
082 0 4 _a574.5222
_bM T
100 1 _aVINE, PETER
245 1 0 _aTides of War /
_cVINE, PETER
700 1 _aMCKINNEN, MICHAEL
260 _a[S.N] :
_bIMMEL PUBLISHING ،
_c1991
300 _a192 P
650 0 4 _aENVIRONMENT
650 0 4 _aPOLLUTION
650 0 4 _aWATER POLLUTION
650 0 4 _aKUWAIT
650 0 4 _aGULF WAR
650 0 4 _aARABIC GULF
942 _2ddc
_cBK
999 _c17357
_d17357